000 00323pab a2200121 454500
008 180718b1985 xxu||||| |||| 00| 0 eng d
245 _aSpecial issue on health care for an aging population
260 _c1985
300 _a225-293
650 _aHealth Services
773 _aSocio - Economic Planning Sciences
909 _a9656
999 _c9656
_d9656